000 00467nmm a2200157Ia 4500
008 251105s9999||||xx |||||||||||||||||und||
020 _a9788489333390
041 _aspa
100 _aBerman, Morris
245 0 _aCuerpo y espíritu :
_b La historia oculta de occidente
264 _a[Santiago de Chile, Chile] :
_bCuatro Vientos,
_c2013
300 _a420 páginas
650 _aPsychology
856 _uhttps://public.digitaliapublishing.com/a/21340
942 _cCF
999 _c87065
_d87065